书目信息 |
| 题名: |
世界建筑旅行地图:俄罗斯=FUSSIA
|
|
| 作者: | 韩林飞 , 祁帅 | |
| 分册: | ||
| 出版信息: | 北京 中国建筑工业出版社 2021.01 |
|
| 页数: | 319页 | |
| 开本: | 20cm | |
| 丛书名: | 世界建筑旅行地图 | |
| 单 册: | ||
| 中图分类: | TU-865.12 | |
| 科图分类: | ||
| 主题词: | 建筑风格 , 建筑艺术--流派 , 建筑艺术--作品--评价 | |
| 电子资源: | ||
| ISBN: | 978-7-112-24068-5 | |
| 000 | 00766nam0 2200253 45 | |
| 001 | 2132907999 | |
| 005 | 20210508093221.02 | |
| 010 | @a978-7-112-24068-5@dCNY98.00 | |
| 100 | @a20210508d2021 km y0chiy0120 ea | |
| 101 | 0 | @achi |
| 102 | @aCN@b110000 | |
| 200 | 1 | @a世界建筑旅行地图:俄罗斯=FUSSIA@Ashi jie jian zhu lu xing di tu:e luo si=FUSSIA@f韩林飞,祁帅@Fhan lin fei,qi shuai |
| 210 | @a北京@c中国建筑工业出版社@d2021.01 | |
| 215 | @a319页@d20cm | |
| 225 | 2 | @a世界建筑旅行地图 |
| 410 | 0 | @12001 @a世界建筑旅行地图 |
| 606 | 0 | @a建筑风格 |
| 606 | 0 | @a建筑艺术@x流派 |
| 606 | 0 | @a建筑艺术@x作品@x评价 |
| 690 | @aTU-865.12@v4 | |
| 701 | 0 | @a韩林飞@Ahan lin fei |
| 701 | 0 | @a祁帅@Aqi shuai |
| 801 | 0 | @aCN@bPFT@c20210508 |
| 905 | @a10447@dTU-865.12@eH081 | |
| 世界建筑旅行地图:俄罗斯=FUSSIA/韩林飞,祁帅.-北京:中国建筑工业出版社,2021.01 |
| 319页;20cm.-(世界建筑旅行地图) |
| ISBN 978-7-112-24068-5:CNY98.00 |
| ● |
| 相关链接 |
|
|
|
正题名:世界建筑旅行地图:俄罗斯=FUSSIA
索取号:TU-865.12/H081
 
预约/预借
| 序号 | 登录号 | 条形码 | 馆藏地/架位号 | 状态 | 备注 |
| 1 | 1502703 | 215027030 | 建筑与城市规划学院资料室/ [索取号:TU-865.12/H081] | 在馆 |